Á lódáil...

Improving organizational effectiveness

Sonraí Bibleagrafaíochta
Príomhúdar: Sharma, Motilal
Údair Eile: Ravishnakar S., Mishra R.K
Formáid: Printed Book
Teanga:English
Foilsithe: New Delhi Jaico 1995
Ábhair:
LEADER 00614nam a22001937a 4500
005 20151215124905.0
008 090915t xxu||||| |||| 00| 0 eng d
082 |a 658.406  |b SHA 
100 |a Sharma, Motilal  |9 1657 
245 |a Improving organizational effectiveness 
300 |a xv, 253p. 
653 |a Organizational effectiveness 
700 |a Ravishnakar S.  |9 1655 
700 |a Mishra R.K. 
942 |c BK  |6 _ 
260 |a New Delhi  |b Jaico  |c 1995 
020 |a 8172243561 
999 |c 93647  |d 93647 
952 |0 0  |1 0  |2 ddc  |4 0  |6 658406_SHA  |7 0  |9 117751  |a SMS  |b SMS  |c GEN  |d 2009-09-15  |o 658.406 SHA  |p SMS019041  |r 2009-09-15  |w 2009-09-15  |y BK